| 000 | 00460nam a2200169Ia 4500 | ||
|---|---|---|---|
| 003 | GCL | ||
| 008 | 140319s9999 xx 000 0 ara d | ||
| 040 |
_aGCL / _cGCL |
||
| 082 | 0 | 4 |
_a940 _bع ع |
| 100 | 1 | _aعلى حسن الخربوطلى | |
| 245 | 1 | 0 |
_aالعرب فى اوربا / _cعلى حسن الخربوطلى |
| 300 | _a134 ص | ||
| 490 |
_aالمكتبة الثقافية _v0 |
||
| 650 | 0 | 4 | _aالعرب |
| 650 | 0 | 4 | _aاوربا |
| 942 |
_2ddc _cBK |
||
| 999 |
_c38388 _d38388 |
||